000 01302cam a2200373 a 4500
001 3332263
003 OSt
005 20160405020002.0
006 m o d
008 000511s2000 inua s 000 0 eng d
020 _z0789721872
035 _a(CtWfDGI)bks00000718
035 _a(NNC)3332263
040 _aCtWfDGI
_cCtWfDGI
050 1 4 _aQA76.76.O63
_bO33 2000
082 0 4 _a005.4/4769
_221
100 1 _aO'Hara, Shelley.
_926488
245 0 0 _aMicrosoft Windows 2000 Professional
_h[electronic resource] /
_cShelley O'Hara.
246 1 6 _aEasy Microsoft Windows 2000 Professional
256 _aComputer document.
260 _a[Indianapolis, Ind.] :
_bQue,
_cc2000
_e(Norwood, Mass. :
_fBooks24x7.com [generator])
500 _aTitle from title screen.
516 _aText.
530 _aAvailable also in a print ed.
538 _aMode of access: Internet via World Wide Web.
550 _aDigitized and made available by: Books 24x7.com.
630 0 0 _aMicrosoft Windows (Computer file)
_925540
650 0 _aOperating systems (Computers)
_926489
655 7 _aElectronic books.
_2lcsh
_926490
710 2 _aBooks24x7, Inc.
_925760
856 4 0 _uhttp://www.columbia.edu/cgi-bin/cul/resolve?clio3332263
_zClick here for full text.
942 _2lcc
_cBK
_02
999 _c58943
_d58917